000 01751cam a2200433 4500500
005 20260208005101.0
041 _afre
042 _adc
100 1 0 _aCollomb, Jean-Daniel
_eauthor
245 0 0 _aClimat et guerre culturelle
260 _c2015.
500 _a81
520 _aThe controversy concerning man-made climate change is often described as a culture war. This article sheds light on the elements of the debate which align it with the culture war framework as outlined by James D. Hunter. Yet, the goal of this article is to qualify the characterization of the climate change controversy as a culture war by emphasizing the discrepancy in attention and perception between the political class, on the one hand, and the general public, on the other. The only genuine climate war, it is suggested, is driven by this political class.
690 _acapitalisme
690 _achangement climatique
690 _aclimat
690 _aclimato-scepticisme
690 _aélite
690 _aenvironnementalisme
690 _aétatisme
690 _aguerre culturelle
690 _aidéologie
690 _alibertarianisme
690 _apolarisation
690 _aréchauffement climatique
690 _aclimate
690 _aclimate change
690 _aclimate denial
690 _aelite
690 _aenvironmentalism
690 _afree market
690 _aglobal warming
690 _aideology
690 _alibertarianism
690 _apolarization
690 _astatism
786 0 _nRevue française d’études américaines | 140 | 3 | 2015-06-10 | p. 94-106 | 0397-7870
856 4 1 _uhttps://shs.cairn.info/revue-francaise-d-etudes-americaines-2014-3-page-94?lang=fr&redirect-ssocas=7080
999 _c1650499
_d1650499